000
00315nam a22001337a 4500
020
_a
978-81-291-2039-7
082
_a
001
_b
BRI/Q
100
_a
DEREK O' BRIEN
245
_a
ULTIMATE BOOK OF KNOWLEDGE
260
_a
DELHI
_b
RUPA PUBLICATIONS
_c
2015
300
_a
182
650
_a
GENERAL KNOWLEDGE
_z
INDIA
942
_c
BK
999
_c
6528
_d
6528